000 00692nam a2200229 a 4500
005 20210223124458.0
008 011018s2000 r 000 0 eng d
020 _a8441510180
035 _aUPN01000113259
049 _aCG
050 4 _aQA76.76 O6.3
_bM5.2
100 1 _aMinasi, Mark
245 1 3 _aLa biblia de Windows 2000 profesional /
_cMark Minasi, Todd Phillips.
260 _aMadrid :
_bAnaya Multimedia,
_cc2000
300 _a992 p. :
_bil. +
_e1 CD-ROM : son., col.; 4 3/4 plg.
440 3 _aLa biblia
650 4 _aSISTEMAS OPERATIVOS (COMPUTADORAS)
_95927
650 4 _aMICROSOFT WINDOWS(ARCHIVO DE COMPUTADORA)
901 _a186926
902 _aBDV/tgg.
905 _aLibro
999 _c87167
_d87167